Top Gun Cast - Sudden Death - Statistics

General Stats
  • This quiz has been taken 160 times
  • The average score is 7 of 14
Answers on the Grid
Answers color-coded by a green-red scale on the quiz's grid according to % correct below.
Val Kilmer
Michael Ironside
Shannen Doherty
Jennifer Connelly
Julian McMahon
Tom Skerritt
Peter Greene
Rob Reiner
Virginia Madsen
Kelly McGillis
Tom Cruise
Viggo Mortensen
Anthony Edwards
Tony Todd
Denis Lawson
Grey DeLisle
Ed Harris
Sting
Meg Ryan
Carrie Fisher
Casey Affleck
Jon Hamm
Miles Teller
Tim Robbins
Edward Furlong
Florence Pugh
Glen Powell
Wyatt Russell
Tom Kenny
Lewis Pullman
 
Answer Stats
Answer % Correct
Val Kilmer
92%
Tom Cruise
81%
Jennifer Connelly
57%
Kelly McGillis
56%
Miles Teller
55%
Glen Powell
51%
Anthony Edwards
47%
Meg Ryan
45%
Tom Skerritt
41%
Lewis Pullman
36%
Michael Ironside
33%
Ed Harris
31%
Jon Hamm
30%
Tim Robbins
14%
No matching quizzes found
Score Distribution
Percent of People with Each Score
Percentile by Number Answered
Your Score History
You have not taken this quiz